Burt and Eklund's Dentistry, Dental Practice, and the community (Record no. 26877)
[ view plain ]
| 000 -LEADER | |
|---|---|
| fixed length control field | 00363nam a22001457a 4500 |
| 003 - CONTROL NUMBER IDENTIFIER | |
| control field | SGT |
| 020 ## - INTERNATIONAL STANDARD BOOK NUMBER | |
| International Standard Book Number | 9780323554848 |
| 082 ## - DEWEY DECIMAL CLASSIFICATION NUMBER | |
| Classification number | 617.601 |
| Item number | B21M |
| 100 ## - MAIN ENTRY--PERSONAL NAME | |
| Personal name | Mascarenhas, Ana K. |
| 245 ## - TITLE STATEMENT | |
| Title | Burt and Eklund's Dentistry, Dental Practice, and the community |
| 260 ## - PUBLICATION, DISTRIBUTION, ETC. (IMPRINT) | |
| Name of publisher, distributor, etc | Elsevier |
| Year of Publication | 2021 |
| 300 ## - PAGE DESCRIPTION | |
| No. of Pages | 334 |
| 650 ## - SUBJECT ADDED ENTRY--TOPICAL TERM | |
| Topical term or geographic name as entry element | Public Health Dentistry |
| 942 ## - ADDED ENTRY ELEMENTS (KOHA) | |
| Source of classification or shelving scheme | Dewey Decimal Classification |
| Koha item type | Books |
| Withdrawn status | Lost status | Source of classification or shelving scheme | Damaged status | Use restrictions | Not for loan | Home library | Current library | Shelving location | Date acquired | Vendor Name | Cost, normal purchase price | SGTU | Bill Number | Total Checkouts | Full call number | Accession No. (Barcode) | Date last seen | Bill Date | Koha item type |
|---|---|---|---|---|---|---|---|---|---|---|---|---|---|---|---|---|---|---|---|
| Dewey Decimal Classification | Restricted Access | Not For Loan | SGT Dental Library | SGT Dental Library | Record Book | 06/09/2024 | Ahuja Book Co. Pvt. Ltd. | 7282.00 | SGTU | 19385 | 617.601 B21M | FD9534 | 06/09/2024 | Books | |||||
| Dewey Decimal Classification | Restricted Access | Not For Loan | SGT Dental Library | SGT Dental Library | Record Book | 06/09/2024 | Ahuja Book Co. Pvt. Ltd. | 7282.00 | SGTU | 19385 | 617.601 B21M | FD9535 | 06/09/2024 | Books |